Statistics for Biggest Cities in Deserts

Click here to take the quiz!

General Stats

  • This quiz has been taken 1,166 times
  • The average score is 10 of 20

Answer Stats

CountryPopulationCity% Correct
Egypt 16,700,000 Cairo
94%
Saudi Arabia 6,550,000 Riyadh
81%
Iran 13,600,000 Tehran
77%
Iraq 6,750,000 Baghdad
75%
United Arab Emirates 3,800,000 Dubai
75%
Egypt 5,100,000 Alexandria
74%
Sudan 5,500,000 Khartoum
70%
Saudi Arabia 4,175,000 Jeddah
64%
United States 4,300,000 Phoenix
63%
Pakistan 24,000,000 Karachi
59%
United States 2,075,000 Las Vegas
56%
Yemen 2,425,000 Sana'a
50%
Qatar 2,075,000 Doha
45%
Peru 9,950,000 Lima
39%
Kuwait 4,075,000 Kuwait City
37%
Iran 2,725,000 Isfahan
19%
Saudi Arabia 2,350,000 Dammam
17%
Pakistan 2,400,000 Hyderabad
14%
Mexico 1,950,000 Tijuana
12%
Pakistan 2,125,000 Multan
4%

Score Distribution

Percentile by Number Answered

Percent of People with Each Score

Your Score History

You have not taken this quiz